000 00458nam a22001457a 4500
008 140923b xxu||||| |||| 00| 0 eng d
050 _aB3181.B76
100 _aBrock,Werner
_911458
245 _aAn introduction to contemporary German philosophy
_cWerner Brock
260 _aLondon
_bCambridge University Press
_c1935
300 _axx,143p.:
_c18cm.
650 _aPhilosophy
_zGerman
_911459
650 _aPhilosophy
_xModern
_911460
942 _2lcc
_cMONOGRAPH
999 _c120896
_d120896